| 000 | 01285cam a2200133 4500500 | ||
|---|---|---|---|
| 005 | 20260405014026.0 | ||
| 041 | _afre | ||
| 042 | _adc | ||
| 100 | 1 | 0 |
_aBourgeois, Didier _eauthor |
| 245 | 0 | 0 | _aComprendre et soigner les états-limites |
| 260 |
_bDunod,
_c2010. |
||
| 520 | _aLe concept psychiatrique « d'états limites » (borderline) désigne des personnalités dont le point commun est une faille narcissique primordiale, dont l'expression peut prendre diverses formes névrotiques ou psychotiques. On les retrouve de plus en plus fréquemment dans tous les domaines des pathologies psychiatriques (perversions, addictions, TCA, etc.). Très répandue (+ de 30% des demandes de consultation), cette pathologie était jusqu'à présent surtout étudiée du point de vue théorique. Cet ouvrage illustré de plus de 25 vignettes cliniques propose : 1. Des outils pour diagnostiquer - 2. Une clinique - 3. Des techniques précises de prise en charge. Cette nouvelle édition entièrement revue et mise à jour a été l'occasion de développer certains aspects cliniques inédits et des formules nouvelles de prise en charge thérapeutique. | ||
| 856 | 4 | 1 | _uhttps://shs.cairn.info/comprendre-et-soigner-les-etats-limites--9782100547463?lang=fr&redirect-ssocas=7080 |
| 999 |
_c2109973 _d2109973 |
||